Obálka Náhled e-knihy:
PDF
Pro půjčování e-knih musíte být přihlášeni.
Jak si půjčit online?

Malý princ A1/A2 (AJ-SJ) /

Príbeh o stretnutí letca, ktorého lietadlo havarovalo v africkej púšti, a malého chlapca z ďalekej planéty je vhodný pre čitateľov všetkých generácií. Vyzýva nás k premýšľaniu nad otázkami dobra a zla a hľadania podstaty priateľstva, skutočnej krásy a zodpovednosti za tých, ktorých máme radi. Antoin...

Celý popis

Uloženo v:
Hlavní autor: Olšovská, Dana (Autor)
Médium: E-kniha
Jazyk:Czech
Vydáno: Praha : Albatros Media Slovakia s.r.o., 2022
Tagy:
Žádné tagy
LEADER 02078nam a22002297i 4500
001 311669
007 ta
008 260601s2022 xr ||||| |||| 00| 0 cze d
020 |a 9788056625071 
044 |a xr 
100 1 |a  Olšovská, Dana  |4 aut 
245 1 0 |a Malý princ A1/A2 (AJ-SJ) /  |c  Olšovská, Dana 
240 1 0 |a Malý princ A1/A2 (AJ-ČJ) 
264 1 |a Praha :  |b Albatros Media Slovakia s.r.o.,  |c 2022 
300 |a 1 online zdroj (88 stran) 
336 |a text  |b txt  |2 rdacontent 
337 |a bez média  |b n  |2 rdamedia 
338 |a online zdroj  |b cr  |2 rdacarrier 
520 2 |a Príbeh o stretnutí letca, ktorého lietadlo havarovalo v africkej púšti, a malého chlapca z ďalekej planéty je vhodný pre čitateľov všetkých generácií. Vyzýva nás k premýšľaniu nad otázkami dobra a zla a hľadania podstaty priateľstva, skutočnej krásy a zodpovednosti za tých, ktorých máme radi. Antoina de Saint-Exupéryho, francúzskeho spisovateľa, novinára a pilota, k napísaniu Malého princa inšpirovala skutočná havária v Líbyjskej púšti. Kniha bola po prvýkrát vydaná v roku 1943. Odvtedy sa Malý princ dočkal prekladov do viac ako 360 jazykov a je po Biblii druhou najprekladanejšou knihou na svete. V publikácii nájdete upravenú verziu rozprávky, ktorá je prerozprávaná jednoduchou angličtinou. Kniha je výbornou voľbou pre začínajúcich čitateľov, či už dieťaťa, alebo dospelého. Na každej strane nájdete slovenský zrkadlový preklad, ktorý vám umožní obratom skontrolovať, či cudzojazyčnému textu rozumiete správne. Audionahrávku vo formáte MP3, na ktorej text v angličtine rozpráva rodený hovorca, nájdete na stránkach vydavateľstva. 
910 |a RBIT002 
998 |d 360473  |a https://core.palmknihy.cz/api/books/360473/cover?sic4y5  |b https://core.palmknihy.cz/api/books/360473/cover/400?sic4y5  |c https://core.palmknihy.cz/api/books/360473/cover/50?sic4y5  |e 2029-12-31  |g 88  |i 9788056625071  |k https://core.palmknihy.cz/api/books/360473/preview.pdf  |l   |q 49  |r 1  |s https://www.palmknihy.cz/kniha/360473  |t ebook  |y 2022  |z 1 
999 |d 311667